000 00546nam a2200205Ii 4500
003 JO-AjNU
008 230606s9999||||xx |||||||||||||| ||und||
020 _a978-0-500-29128-3
040 _aJO-AjNU
_beng
_erda
_cJO-AjNU
041 _aeng
050 1 4 _aTA403.D466 2014
100 3 _aLeslie, Sherr/Andrew Dent,
_eauthor
_95027
245 0 0 _aArchitecture
264 3 1 _a2014
300 _a502p
336 _atext
_btxt
_2rdacontent
337 _aunmediated
_bn
_2rdamedia
338 _avolume
_bnc
_2rdacarrier
650 4 _aArchitecture
_95028
999 _aE2599
_c2597
_d2597